[Event "AUTO-OPEN-4619"]
[Site "http://www.queenalice.com/game.php?id=1864176"]
[Date "2025.10.13"]
[Round "1"]
[White "jpribeiro"]
[Black "andrevillares"]
[Result "0-1"]
[WhiteElo "1333"]
[BlackElo "2124"]

1. e4 c6 2. d4 d5 3. Nc3 dxe4 4. Nxe4 Bf5 5. Ng3 Bg6 6. h4 h6 7. Nf3 Nd7 8. h5
Bh7 9. Bd3 Bxd3 10. Qxd3 Ngf6 11. Bd2 e6 12. O-O-O c5 13. Ne4 Qc7 14. g3 Nxe4
15. Qxe4 cxd4 0-1

[Event "AUTO-OPEN-4619"]
[Site "http://www.queenalice.com/game.php?id=1864208"]
[Date "2025.10.13"]
[Round "1"]
[White "andrevillares"]
[Black "Scharlatan"]
[Result "1-0"]
[WhiteElo "2176"]
[BlackElo "1854"]

1. d4 d5 2. c4 e6 3. Nc3 Nf6 4. Bg5 Be7 5. e3 h6 6. Bh4 O-O 7. Nf3 Nbd7 8. Be2
Ne4 9. Bxe7 Qxe7 10. cxd5 Nxc3 11. bxc3 exd5 12. O-O c6 13. c4 Nf6 14. Rc1 Bf5
15. cxd5 1-0

[Event "AUTO-OPEN-4619"]
[Site "http://www.queenalice.com/game.php?id=1864209"]
[Date "2025.10.13"]
[Round "1"]
[White "Scharlatan"]
[Black "andrevillares"]
[Result "0-1"]
[WhiteElo "1861"]
[BlackElo "2170"]

1. g3 d5 2. c4 Nf6 3. Bg2 c5 4. Nf3 Nc6 5. cxd5 Nxd5 6. Nc3 Nxc3 7. bxc3 e5 8.
d3 Be7 9. O-O O-O 10. Bb2 Be6 11. c4 f6 12. Nd2 Qc7 13. Ba3 Rfd8 14. Ne4 b6 0-1

[Event "AUTO-OPEN-4623"]
[Site "http://www.queenalice.com/game.php?id=1865304"]
[Date "2025.11.8"]
[Round "1"]
[White "askasl159"]
[Black "andrevillares"]
[Result "0-1"]
[WhiteElo "1697"]
[BlackElo "2178"]

1. e4 c6 2. d4 d5 3. exd5 cxd5 4. g3 Nc6 5. Bg2 Nf6 6. Nf3 Bg4 7. O-O e6 8. Nc3
Be7 9. a3 O-O 10. Qd3 Rc8 11. b4 Bf5 12. Qe2 a6 13. Bf4 Ne4 14. Nxe4 dxe4 15.
Ne5 Nxd4 16. Qd1 Rxc2 17. f3 Ne2+ 18. Kh1 Qc8 19. Rf2 exf3 20. Bxf3 Nxf4 21.
Rxc2 Qxc2 22. Qxc2 Bxc2 23. Bxb7 Nd5 24. Bxa6 Be4+ 0-1

[Event "AUTO-OPEN-4623"]
[Site "http://www.queenalice.com/game.php?id=1865305"]
[Date "2025.11.8"]
[Round "1"]
[White "andrevillares"]
[Black "askasl159"]
[Result "1-0"]
[WhiteElo "2169"]
[BlackElo "1699"]

1. d4 d5 2. c4 c6 3. Nc3 g6 4. Nf3 Bg7 5. e3 Nf6 6. Bd3 Bg4 7. O-O O-O 8. h3
Bxf3 9. Qxf3 Na6 10. cxd5 Nb4 11. Bb1 Nfxd5 12. a3 Nxc3 13. bxc3 Nd5 14. Bb2 e5
15. c4 Nb6 16. Ba2 exd4 17. exd4 Re8 18. Rad1 Qc7 19. Bc3 Re7 20. d5 cxd5 21.
Bb4 Re5 22. cxd5 Rae8 23. d6 Qd7 24. Rc1 1-0

[Event "AUTO-OPEN-4623"]
[Site "http://www.queenalice.com/game.php?id=1865324"]
[Date "2025.11.8"]
[Round "1"]
[White "Tonto"]
[Black "andrevillares"]
[Result "0-1"]
[WhiteElo "2007"]
[BlackElo "2194"]

1. e4 c6 2. d4 d5 3. e5 Bf5 4. Be2 e6 5. Nf3 Nd7 6. Nbd2 c5 7. c3 Ne7 8. b4 cxb4
9. cxb4 Nc6 10. b5 Ncb8 11. a4 Be7 12. O-O O-O 13. Nb3 Nb6 14. Bd3 Bxd3 15. Qxd3
N8d7 16. Bd2 Nc4 17. Bf4 f6 18. Nc1 fxe5 19. Bxe5 Ndxe5 20. Nxe5 Rc8 21. Ne2 Bd6
22. g3 Bxe5 23. dxe5 Nxe5 24. Qe3 Qf6 25. Nf4 Rce8 26. Rac1 Ng4 27. Qxa7 Qh6 28.
h4 g5 29. f3 Ne3 30. hxg5 Qxg5 31. Qxe3 Qxg3+ 32. Ng2 Rf6 33. Rc2 e5 34. f4 Qg6
35. Re2 d4 36. Qb3+ Kh8 37. Qd5 Rd6 38. Qxb7 e4 39. f5 Qg4 40. Ree1 d3 41. f6 d2
42. Qf7 Rg8 43. Qxg8+ Kxg8 44. Rd1 e3 45. Kh1 e2 0-1

[Event "AUTO-OPEN-4623"]
[Site "http://www.queenalice.com/game.php?id=1865325"]
[Date "2025.11.8"]
[Round "1"]
[White "andrevillares"]
[Black "Tonto"]
[Result "0-1"]
[WhiteElo "2213"]
[BlackElo "1982"]

1. d4 Nf6 2. c4 c6 3. Nc3 d6 4. e4 e6 5. Bg5 Be7 6. Nf3 a6 7. Bd3 b5 8. cxb5
axb5 9. O-O O-O 10. a3 Nbd7 11. Qc2 e5 12. d5 cxd5 13. exd5 Ba6 14. Rfe1 h6 15.
Bh4 b4 16. axb4 Bxd3 17. Qxd3 Rxa1 18. Rxa1 Nh5 19. Bxe7 Qxe7 20. Ra7 Qd8 21. b5
Nf4 22. Qf5 Nf6 23. g3 N4xd5 24. Qd3 Nb4 25. Qc4 Nc2 26. Na4 Nd4 27. Nxd4 d5 28.
Qc3 Ne4 29. Qd3 exd4 30. Qxd4 Qg5 31. b6 Qc1+ 32. Kg2 Nd2 33. Kh3 Qf1+ 34. Kg4
h5+ 35. Kxh5 Qh3+ 36. Qh4 g6+ 37. Kh6 Qe6 38. Re7 Qf5 39. Qg5 Qxf2 40. h4 Ne4
41. Qf4 Qe2 42. g4 Qe1 43. g5 Qd1 0-1

[Event "AUTO-OPEN-4623"]
[Site "http://www.queenalice.com/game.php?id=1865336"]
[Date "2025.11.8"]
[Round "1"]
[White "andrevillares"]
[Black "LMP1989"]
[Result "1-0"]
[WhiteElo "2134"]
[BlackElo "2197"]

1. d4 d5 2. c4 e6 3. Nc3 Be7 4. Nf3 Nf6 5. Bg5 O-O 6. e3 b6 7. cxd5 Nxd5 8. Bxe7
Qxe7 9. Nxd5 exd5 10. Bd3 Bb7 11. O-O Nd7 12. Re1 Nf6 13. Rc1 c5 14. Bb1 Ne4 15.
Ne5 f6 16. Nf3 f5 17. Ne5 f4 18. f3 Nd6 19. Qc2 g6 20. Nxg6 hxg6 21. Qxg6+ Kh8
22. exf4 1-0

[Event "AUTO-OPEN-4623"]
[Site "http://www.queenalice.com/game.php?id=1865337"]
[Date "2025.11.8"]
[Round "1"]
[White "LMP1989"]
[Black "andrevillares"]
[Result "1-0"]
[WhiteElo "2145"]
[BlackElo "2200"]

1. c4 Nf6 2. Nc3 e6 3. g3 d5 4. cxd5 exd5 5. d4 Bf5 6. Bg2 c6 7. Nf3 Be7 8. O-O
Nbd7 9. Nh4 Be6 10. Nf3 O-O 11. Re1 Re8 12. e4 dxe4 13. Nxe4 Nxe4 14. Rxe4 Bf6
15. Re1 Nb6 16. Be3 Qe7 17. Qc2 Rad8 18. Rad1 Nc4 19. b3 Nxe3 20. fxe3 h6 21.
Nd2 Bg4 22. Rc1 Bg5 23. Nc4 Qe6 24. Qf2 b5 25. Ne5 Rc8 26. Bxc6 Re7 27. Bxb5
Rxc1 28. Rxc1 Bh3 29. Bc4 Qf6 30. Bxf7+ Rxf7 31. Nxf7 Qxf7 32. Qxf7+ Kxf7 33.
Kf2 Bd8 34. Rc6 Be6 35. Ke2 a5 36. Kd3 a4 37. d5 Bd7 38. Rc2 axb3 39. axb3 Bb6
40. Ra2 Ke7 41. Kc4 Kd6 42. Ra6 Kc7 43. e4 Kb7 44. Ra2 Kc7 45. e5 g5 46. e6 Be8
47. Ra8 Bg6 48. Rg8 Be4 49. e7 1-0

[Event "AUTO-MASTER-3288"]
[Site "http://www.queenalice.com/game.php?id=1865516"]
[Date "2025.11.13"]
[Round "1"]
[White "pizzaiolo72"]
[Black "andrevillares"]
[Result "0-1"]
[WhiteElo "2108"]
[BlackElo "2180"]

1. d4 Nf6 2. c4 e6 3. Nc3 d5 4. Bg5 Be7 5. e3 O-O 6. Nf3 b6 7. Bd3 dxc4 8. Bxc4
Bb7 9. O-O Nbd7 10. Qc2 Rc8 11. Rad1 h6 12. Bh4 c5 13. Qe2 cxd4 14. Nxd4 Qc7 15.
Ncb5 Qxc4 16. b3 Qxe2 17. Nxe2 Rc2 18. Rxd7 Ba6 19. Ned4 Bxb5 20. Nxb5 Nxd7 21.
Bxe7 Re8 22. Bb4 Rxa2 23. Rd1 Ne5 24. Bc3 Ng6 25. Nd4 Rd8 26. Ra1 Rxa1+ 27. Bxa1
e5 0-1

[Event "AUTO-MASTER-3288"]
[Site "http://www.queenalice.com/game.php?id=1865517"]
[Date "2025.11.13"]
[Round "1"]
[White "andrevillares"]
[Black "pizzaiolo72"]
[Result "1-0"]
[WhiteElo "2160"]
[BlackElo "2070"]

1. d4 Nf6 2. c4 e6 3. Nf3 c5 4. d5 exd5 5. cxd5 d6 6. Nc3 Bg4 7. Bg5 Be7 8. h3
Bxf3 9. gxf3 Nbd7 10. e4 Rb8 11. Qd2 O-O 12. Rg1 Ne5 13. Be2 Nxd5 14. Nxd5 f6
15. Bh6 Rf7 16. O-O-O Kh8 17. Bf4 Ng6 18. Nxe7 Nxe7 19. Bxd6 Qc8 20. Bc4 Qe8 21.
Bxb8 Qxb8 22. Bxf7 1-0

[Event "AUTO-MASTER-3288"]
[Site "http://www.queenalice.com/game.php?id=1865534"]
[Date "2025.11.13"]
[Round "1"]
[White "andrevillares"]
[Black "cerenzo72"]
[Result "1-0"]
[WhiteElo "2198"]
[BlackElo "2160"]

1. d4 Nf6 2. c4 d5 3. cxd5 Nxd5 4. e4 Nb6 5. Nf3 Bg4 6. Be2 Nc6 7. Be3 e6 8. O-O
Be7 9. Nc3 O-O 10. h3 Bh5 11. Rc1 a6 12. a3 f6 13. Qd2 Qd7 14. Rfd1 Rad8 15. Qc2
Qe8 16. d5 exd5 17. Nxd5 Nxd5 18. exd5 Ne5 19. Nxe5 Bxe2 20. Qxe2 fxe5 21. Rxc7
b5 22. Qg4 Rf7 23. Qe6 Bd6 24. Rc6 Qf8 25. Rxa6 Kh8 26. Rc1 Re7 27. Qg4 h6 28.
Rcc6 Rf7 29. f3 b4 30. a4 Kh7 31. h4 Qe7 32. h5 Bb8 33. Rxh6+ Kg8 34. Rhe6 Qd7
35. d6 Qc8 36. Ra8 Qb7 37. Qe4 Qd7 38. Qd5 Kh7 39. Qxe5 Bxd6 40. Rxd8 Bxe5 41.
Rxd7 Rxd7 42. Rxe5 1-0

[Event "AUTO-MASTER-3288"]
[Site "http://www.queenalice.com/game.php?id=1865536"]
[Date "2025.11.13"]
[Round "1"]
[White "andrevillares"]
[Black "mvson33"]
[Result "1-0"]
[WhiteElo "2209"]
[BlackElo "1946"]

1. d4 Nf6 2. c4 d5 3. Nc3 e6 4. Bg5 Nbd7 5. e3 Be7 6. Nf3 O-O 7. Rc1 b6 8. cxd5
Nxd5 9. Nxd5 exd5 10. Bxe7 Qxe7 11. Rxc7 Qd6 12. Rc3 Bb7 13. Bd3 Rac8 14. O-O
Nf6 15. h3 Rxc3 16. bxc3 Rc8 17. Qc2 Qc7 18. Rc1 h6 19. Qe2 Qe7 20. c4 dxc4 21.
Rxc4 Rxc4 22. Bxc4 Bd5 23. Bxd5 Nxd5 24. Ne5 Nf6 25. f3 Qd6 26. Qc4 Qd5 27. Qc8+
Kh7 28. a4 Qe6 29. Qxe6 fxe6 30. Kf2 Nd5 31. Nc6 a6 32. e4 Nc3 33. a5 bxa5 34.
Nxa5 Kg6 35. Ke3 Nb5 36. d5 exd5 37. exd5 Kf6 38. Nc4 Nc7 39. Kd4 Nxd5 40. Kxd5
Kf5 41. g3 1-0

[Event "AUTO-MASTER-3288"]
[Site "http://www.queenalice.com/game.php?id=1865537"]
[Date "2025.11.13"]
[Round "1"]
[White "mvson33"]
[Black "andrevillares"]
[Result "0-1"]
[WhiteElo "1966"]
[BlackElo "2193"]

1. Nf3 Nf6 2. d4 c5 3. e3 d5 4. dxc5 Qa5+ 5. Nc3 Qxc5 6. Be2 Nc6 7. O-O e5 8.
Na4 Qa5 9. Nc3 Bd6 10. Bd2 Qc7 11. Bc1 Be6 12. b3 O-O 13. Bb2 Rfd8 14. Na4 Rac8
15. Nc3 a6 16. Na4 e4 17. Nd4 Nxd4 18. Bxd4 Qxc2 19. Qxc2 Rxc2 20. Rfe1 b5 21.
Nc3 Bb4 22. Rac1 Rxc1 23. Rxc1 Rc8 24. h3 Ne8 25. Kf1 Nd6 26. Ke1 Nf5 27. Kd1
Nxd4 28. exd4 Rxc3 29. Rxc3 Bxc3 30. f3 Bxd4 31. Kd2 exf3 32. Bxf3 Kf8 33. Kd3
Bb6 34. Kd2 Ke7 35. Kd3 Kd6 36. Kd2 Ke5 37. Kd3 f5 0-1

[Event "AUTO-OPEN-4606"]
[Site "http://www.queenalice.com/game.php?id=1866928"]
[Date "2025.12.12"]
[Round "2"]
[White "josebaron"]
[Black "andrevillares"]
[Result "1/2-1/2"]
[WhiteElo "2162"]
[BlackElo "2190"]

1. e4 c6 2. Nf3 d5 3. exd5 cxd5 4. Bb5+ Nc6 5. O-O Nf6 6. Re1 Bg4 7. h3 Bxf3 8.
Qxf3 e6 9. d3 Bd6 10. Bg5 a6 11. Bxc6+ bxc6 12. Nc3 O-O 13. d4 Rb8 14. b3
1/2-1/2

[Event "AUTO-OPEN-4606"]
[Site "http://www.queenalice.com/game.php?id=1866938"]
[Date "2025.12.12"]
[Round "2"]
[White "andrevillares"]
[Black "mvson33"]
[Result "1-0"]
[WhiteElo "2187"]
[BlackElo "1973"]

1. d4 Nf6 2. c4 d5 3. cxd5 Nxd5 4. e4 Nf6 5. Bd3 e6 6. Nf3 Bb4+ 7. Bd2 Bxd2+ 8.
Qxd2 O-O 9. O-O Nc6 10. e5 Nd5 11. Nc3 Bd7 12. Ne4 Ndb4 13. Bb1 Nd5 14. a3 Nde7
15. Qd3 Nd5 16. Neg5 g6 17. Ne4 Nce7 18. h4 Rc8 19. h5 Nc6 20. Nfg5 a6 21. Qh3
Nxd4 22. hxg6 1-0

[Event "AUTO-OPEN-4606"]
[Site "http://www.queenalice.com/game.php?id=1866939"]
[Date "2025.12.12"]
[Round "2"]
[White "mvson33"]
[Black "andrevillares"]
[Result "0-1"]
[WhiteElo "1881"]
[BlackElo "2185"]

1. d4 Nf6 2. Nf3 c5 3. e3 Nc6 4. dxc5 Qa5+ 5. Nc3 Qxc5 6. Be2 e6 7. O-O Be7 8.
Bd2 O-O 9. Nd4 Nxd4 10. exd4 Qxd4 11. Be3 Qxd1 12. Raxd1 d5 13. Bg5 h6 14. Bh4
b6 15. Bf3 Bb7 16. Bxf6 Bxf6 17. Rfe1 Rfe8 18. Nb5 Rec8 19. Nd6 Rc7 20. Nxb7
Rxb7 21. c3 Rc7 22. Re2 Rac8 23. Rde1 b5 24. g3 a5 25. Bg2 Rc4 26. Bf1 R4c5 27.
Bg2 b4 28. cxb4 axb4 29. b3 Rc2 30. Kf1 d4 31. Be4 Rxe2 32. Rxe2 g6 33. Bd3 Rc3
34. Be4 Kg7 35. Rd2 e5 36. Kg2 Be7 37. Rc2 Rxc2 38. Bxc2 f5 39. f3 Kf6 40. Kf2
Ke6 41. Ke2 Kd5 42. Kd3 e4+ 43. fxe4+ fxe4+ 44. Kd2 g5 45. Kd1 d3 0-1

[Event "AUTO-OPEN-4606"]
[Site "http://www.queenalice.com/game.php?id=1866940"]
[Date "2025.12.12"]
[Round "2"]
[White "andrevillares"]
[Black "WoodpusherKid"]
[Result "0-1"]
[WhiteElo "2186"]
[BlackElo "2667"]

1. d4 d5 2. c4 c6 3. Nc3 e6 4. cxd5 exd5 5. Nf3 Nf6 6. Bg5 Be7 7. e3 h6 8. Bh4
Bf5 9. Rc1 Nbd7 10. Be2 O-O 11. O-O Re8 12. h3 Bd6 13. a3 Re6 14. g4 Bg6 15. Re1
Qb8 16. b4 a5 17. Qb3 axb4 18. axb4 Ne4 19. Nxe4 Bxe4 20. Nd2 Bh2+ 21. Kf1 g5
22. Nxe4 dxe4 23. Bg3 Bxg3 24. fxg3 Qxg3 25. Bc4 Rf6+ 26. Ke2 Rf2+ 27. Kd1 b5
28. Be2 Qxh3 29. Rxc6 Qh2 30. Qc2 Ra1+ 31. Kd2 Rxe1 32. Kxe1 Qg1+ 33. Kd2 Qxg4
34. Ke1 Qg1+ 35. Kd2 Qh2 36. Qd1 Nf6 37. Qe1 g4 38. Kd1 g3 39. Bxb5 Ng4 40. Rc8+
Kg7 41. d5 g2 42. Qc3+ Ne5 0-1

[Event "AUTO-OPEN-4606"]
[Site "http://www.queenalice.com/game.php?id=1866941"]
[Date "2025.12.12"]
[Round "2"]
[White "WoodpusherKid"]
[Black "andrevillares"]
[Result "1-0"]
[WhiteElo "2649"]
[BlackElo "2188"]

1. c4 Nf6 2. g3 g6 3. d4 Bg7 4. Bg2 d5 5. cxd5 Nxd5 6. e4 Nb6 7. Nf3 Nc6 8. d5
Ne5 9. Nxe5 Bxe5 10. Nc3 O-O 11. Bh6 Bg7 12. Bxg7 Kxg7 13. Qd4+ Kg8 14. O-O e6
15. b3 exd5 16. exd5 Bf5 17. Rfe1 a6 18. Re3 Qd6 19. Rae1 Rad8 20. g4 Be6 21.
Ne4 Qe7 22. Nf6+ Kg7 23. Ne8+ Kh6 24. f4 1-0

[Event "AUTO-OPEN-4635"]
[Site "http://www.queenalice.com/game.php?id=1868277"]
[Date "2026.1.21"]
[Round "1"]
[White "Castling"]
[Black "andrevillares"]
[Result "0-1"]
[WhiteElo "1772"]
[BlackElo "2188"]

1. e4 c6 2. Nf3 d5 3. e5 Bf5 4. d4 e6 5. a3 Nd7 6. Bg5 Qb6 7. b4 h6 8. Be3 a5 9.
Bd3 Bxd3 10. Qxd3 axb4 11. O-O bxa3 12. Rxa3 Bxa3 13. Nxa3 Ne7 14. c4 Qb2 15.
Nc2 Ra2 16. Rc1 O-O 17. c5 Nf5 18. Bd2 Rfa8 19. Bc3 Qxc1+ 20. Qf1 Qxc2 21. Be1
Ra1 22. h3 R8a4 23. Kh2 Nxd4 24. Nxd4 Rxd4 25. Qg1 Re4 0-1